| 000 | 00941nam0a22002531 4500 | ||
|---|---|---|---|
| 001 | rc\4813768 | ||
| 005 | 20260408042001.0 | ||
| 021 |
_aRU _bРг3664-67 |
||
| 021 |
_aRU _b67-14437 |
||
| 035 | _a(NLR Aleph) 008797819 | ||
| 090 |
_a8082193 _c8082193 |
||
| 100 | _a20130426d1967 |||y0rusy50 ca | ||
| 101 | 0 | _arus | |
| 102 | _aRU | ||
| 105 | _aa z ||||| | ||
| 200 | 1 |
_aУглепогрузочная машина УП-3 _eИнструкция по эксплуатации _fКопейский машиностроит. завод. им. С.М. Кирова |
|
| 210 |
_aЧелябинск _cЮжно-Уральское ЦБТИ _d1967 |
||
| 215 |
_a44 с., 6 л. ил. _cил. _d21 |
||
| 712 | 0 | 2 |
_aКопейский машиностроительный завод им. С. М. Кирова _3RU\NLR\AUTH\8810189279 _9870177 |
| 801 | 0 |
_aRU _bNLR _gpsbo |
|
| 801 | 1 |
_aRU _bELAR _2rusmarc |
|
| 852 |
_aNLR _j67-6/4556 |
||
| 942 | _cBOOK | ||
| 980 | _aNB | ||